Sinh học 7

Sách giới thiệu chung về môn Sinh học lớp 7, và những bài hướng dẫn cụ thể về thế giới động vật từ những động vật không xương sống đến có xương sống và cả con người. Giúp giáo viên đạt hiệu quả cao trong giảng dạy....

Popoln opis

Shranjeno v:
Bibliografske podrobnosti
Glavni avtor: Nguyễn, Quang Vinh
Format: Knjiga
Jezik:Undetermined
Izdano: Hà Nội Giáo dục Việt Nam 2016
Teme:
Oznake: Označite
Brez oznak, prvi označite!
Thư viện lưu trữ: Trung tâm Học liệu Trường Đại học Cần Thơ
LEADER 01034nam a2200217Ia 4500
001 CTU_217245
008 210402s9999 xx 000 0 und d
020 |c 14900 
082 |a 570.712 
082 |b V312 
100 |a Nguyễn, Quang Vinh 
245 0 |a Sinh học 7 
245 0 |c Nguyễn Quang Vinh (Tổng chủ biên), Trần Kiên (Chủ biên), Nguyễn Văn Khang 
260 |a Hà Nội 
260 |b Giáo dục Việt Nam 
260 |c 2016 
520 |a Sách giới thiệu chung về môn Sinh học lớp 7, và những bài hướng dẫn cụ thể về thế giới động vật từ những động vật không xương sống đến có xương sống và cả con người. Giúp giáo viên đạt hiệu quả cao trong giảng dạy. 
650 |a Biology,Sinh học 
650 |x Study and teaching (Secondary),Dạy và học (Trung học) 
904 |i Hải 
980 |a Trung tâm Học liệu Trường Đại học Cần Thơ